Bioinformatics (with fundamentals of genomics and protenomics) (Record no. 48433)
[ view plain ]
| 000 -LEADER | |
|---|---|
| fixed length control field | 00631nam a2200217Ia 4500 |
| 001 - CONTROL NUMBER | |
| control field | 50911 |
| 008 - FIXED-LENGTH DATA ELEMENTS--GENERAL INFORMATION | |
| fixed length control field | 140502s9999 xx 000 0 und d |
| 020 ## - INTERNATIONAL STANDARD BOOK NUMBER | |
| International Standard Book Number | 97800701446242 |
| 040 ## - CATALOGING SOURCE | |
| Transcribing agency | PK-LaUMT |
| 082 ## - DEWEY DECIMAL CLASSIFICATION NUMBER | |
| Classification number | 616.07 |
| Item number | BIO- |
| 100 ## - MAIN ENTRY--PERSONAL NAME | |
| Personal name | Gopal, Shuba |
| 245 ## - TITLE STATEMENT | |
| Title | Bioinformatics (with fundamentals of genomics and protenomics) |
| Statement of responsibility, etc | Gopal, Shuba<>Haake, Anne<>Jones, Rhys Price<>Tymann, Paul |
| 260 ## - PUBLICATION, DISTRIBUTION, ETC. (IMPRINT) | |
| Place of publication, distribution, etc | New Delhi,India: |
| Name of publisher, distributor, etc | Tata McGraw-Hill Education, |
| Date of publication, distribution, etc | 2010 |
| 300 ## - PHYSICAL DESCRIPTION | |
| Extent | 393 p. |
| 546 ## - LANGUAGE NOTE | |
| Language note | EN |
| 650 ## - SUBJECT ADDED ENTRY--TOPICAL TERM | |
| Topical term or geographic name as entry element | Bioinformatics |
| 700 ## - ADDED ENTRY--PERSONAL NAME | |
| Personal name | Haake, Anne |
| 700 ## - ADDED ENTRY--PERSONAL NAME | |
| Personal name | Jones, Rhys Price |
| 700 ## - ADDED ENTRY--PERSONAL NAME | |
| Personal name | Tymann, Paul |
| 942 ## - ADDED ENTRY ELEMENTS (KOHA) | |
| Koha item type | Books |
| Withdrawn status | Lost status | Damaged status | Not for loan | Home library | Current library | Date acquired | Total Checkouts | Full call number | Barcode | Date last seen | Date checked out | Price effective from | Koha item type |
|---|---|---|---|---|---|---|---|---|---|---|---|---|---|
| UMT Main Campus | UMT Main Campus | 2014-05-02 | 3 | 616.07 BIO- | 61054 | 2021-04-09 | 2021-04-01 | 2014-05-08 | Books |
